000 00378nam a2200109Ia 4500
008 171204s9999 xx 000 0 und d
245 _aCreating Flat Design Websites: Design and develop your own flat design websites in HTML
245 _cAntonio Pratas
260 _c2014
650 _xWeb Design
856 _uhttp://down.ebook777.com/020/Creating%20Flat%20Design%20Websites.pdf
999 _c345992
_d345992